Deadly illusions : (Record no. 8349)
[ view plain ]
| 000 -LEADER | |
|---|---|
| fixed length control field | 01009cam a22003373a 4500 |
| 001 - CONTROL NUMBER | |
| JCCL Control Number | 8349 |
| 003 - CONTROL NUMBER IDENTIFIER | |
| JCCL marc code | BD-JhCC |
| 005 - DATE AND TIME OF LATEST TRANSACTION | |
| control field | 20220817134023.0 |
| 008 - FIXED-LENGTH DATA ELEMENTS--GENERAL INFORMATION | |
| fixed length control field | 180717s1986 onc 000 1 eng d |
| 020 ## - INTERNATIONAL STANDARD BOOK NUMBER | |
| International Standard Book Number | 077832138X (pbk.) |
| 035 ## - SYSTEM CONTROL NUMBER | |
| system control number | (BD-JhCC)8349 |
| 040 ## - CATALOGING SOURCE | |
| Original cataloging agency | KZT |
| Transcribing agency | KZT |
| Modifying agency | OCLCQ |
| -- | DLC |
| -- | BD-JhCC |
| 041 ## - LANGUAGE CODE | |
| Language code of Book | eng |
| 050 00 - LIBRARY OF CONGRESS CALL NUMBER | |
| Classification number | CPB Box no. 2314 vol. 3 |
| 082 ## - DEWEY DECIMAL CLASSIFICATION NUMBER | |
| Author mark and Year | JOY 1987 |
| Classification number | 355.0217 |
| 100 1# - MAIN ENTRY--PERSONAL NAME | |
| Personal name | Joyce, Brenda. |
| 245 10 - TITLE STATEMENT | |
| Title | Deadly illusions : |
| Remainder of title | Army policy for the Nuclear Battlefield / |
| Statement of responsibility, etc | Brenda Joyce. |
| 260 ## - PUBLICATION, DISTRIBUTION, ETC. (IMPRINT) | |
| Place of publication, distribution, etc | Don Mills, Ont. : |
| Name of publisher, distributor, etc | MIRA, |
| Date of publication, distribution, etc | 1986. |
| 300 ## - PHYSICAL DESCRIPTION | |
| Pagination | 220 p. ; |
| Dimensions | 18 cm. |
| 490 0# - SERIES STATEMENT | |
| Series statement | Deadly series |
| 490 0# - SERIES STATEMENT | |
| Series statement | A Francesca Cahill novel |
| 490 0# - SERIES STATEMENT | |
| Series statement | MIRA historical romance |
| 650 #0 - SUBJECT ADDED ENTRY--TOPICAL TERM | |
| Topical term or geographic name as entry element | Irish Americans |
| Form subdivision | Fiction. |
| 651 #0 - SUBJECT ADDED ENTRY--GEOGRAPHIC NAME | |
| Geographic name | Manhattan (New York, N.Y.) |
| Form subdivision | Fiction. |
| 655 #7 - | |
| Genre/form data or focus term | Love stories. |
| Source of term | gsafd |
| 655 #7 - | |
| Genre/form data or focus term | Historical fiction. |
| Source of term | gsafd |
| 655 #7 - | |
| Genre/form data or focus term | Romantic suspense fiction. |
| Source of term | gsafd |
| 655 #7 - | |
| Genre/form data or focus term | Suspense fiction. |
| Source of term | gsafd |
| 942 ## - ADDED ENTRY ELEMENTS (KOHA) | |
| Source of classification or shelving scheme | Dewey Decimal Classification |
| Koha item type | Books |
| Koha issues (borrowed), all copies | 1 |
| Source of classification or shelving scheme | Damaged status | Not for loan | Home library | Current library | Shelving location | Total Checkouts | Full call number | Barcode | Date last seen | Date checked out | Copy number | Koha item type |
|---|---|---|---|---|---|---|---|---|---|---|---|---|
| Dewey Decimal Classification | JCC Rouf Library | JCC Rouf Library | General Stacks | 1 | 355.0217 JOY 1987 | 10951 | 08/31/2022 | 08/16/2022 | C - 1 | Books |